| 000 | 00478 a2200133 4500 | ||
|---|---|---|---|
| 001 | 90965 | ||
| 082 | _aPR 1655 | ||
| 090 |
_c43102 _d43102 |
||
| 100 | _aMuhammad Murad Khan, Hassan Elahi and Ibrahim Asif; Prof Taimur Ali Qureshi (Advisor) | ||
| 245 |
_aFabrication of Solar Powered Vehicle , Study Design and Fabricate a small vehicle that can be operated by Solar Power _n75th 'A' EC |
||
| 260 |
_aRawalpindi _bNUST _c2013 |
||
| 300 | _aix;103p | ||
| 500 | _aBE Project Reports | ||
| 942 |
_aCAE NUST _kPR 1655 |
||
| 999 |
_c326038 _d326038 |
||